Plus grandes villes de France pas chefs-lieux de canton - Statistiques

Statistiques générales
  • Ce quiz a été pris 29 fois
  • Le résultat moyen est 10 sur 36
Statistiques - réponses
Population Département Ville Canton % Correct
Saint-Denis-2
70%
Nanterre-2
65%
Bobigny
61%
Toulouse-7
61%
Roubaix-2
57%
Argenteuil-3
52%
Lille-2
52%
40159 31 Colomiers Toulouse-7
48%
40836 59 Wattrelos Roubaix-2
43%
Cagnes-sur-Mer-2
39%
Montreuil-1
39%
Talence / Villenave-d'Ornon
39%
Courbevoie-2
35%
La-Seyne-sur-Mer-2
35%
49104 92 Suresnes Nanterre-2
35%
43672 92 Puteaux Courbevoie-2
30%
30813 33 Bègles Talence / Villenave-d'Ornon
22%
Épinay-sur-Seine
22%
30941 06 Saint-Laurent-du-Var Cagnes-sur-Mer-2
22%
Sevran
22%
36203 83 Six-Fours-les-Plages La-Seyne-sur-Mer-2
22%
40359 93 Stains Saint-Denis-2
22%
38725 93 Villepinte Sevran
22%
39356 59 Marcq-en-Barœul Lille-2
17%
Montrouge
17%
33266 93 Romainville Bagnolet
17%
45655 93 Rosny-sous-Bois Montreuil-1
17%
Bagnolet
13%
32017 95 Bezons Argenteuil-3
13%
30292 92 Malakoff Montrouge
13%
32379 93 Pierrefitte-Sur-Seine Épinay-sur-Seine
13%
37531 93 Neuilly-sur-Marne Gagny
9%
Gagny
4%
34213 94 Le Perreux-sur-Marne Nogent-sur-Marne
0%
Nogent-sur-Marne
0%
46094 93 Noisy-le-Sec Bobigny
0%
Aucun quiz correspondant
Distribution des résultats
% des personnes avec chaque résultat
Percentile par nombre de réponses
Votre historique - résultats
Vous n’avez pas pris ce quiz